000
00441nam a2200193Ia 4500
008
151119s9999||||xx |||||||||||||| ||und||
082
_a
928.9146
082
_b
GKKV25557
100
_a
रोकडे ल स
245
_a
झळा
260
_a
--
260
_b
--
260
_c
1986
600
_a
रोकडे ल स
630
_a
झळा
700
_a
रोकडे ल स
730
_a
झळा
942
_c
BOOK
999
_c
1078067
_d
1078064